[Event "ÎÏÅÍ-ÒÓÐÍÈÐ ÏÎÑÂßÙÅÍÍÛÉ 100-ËÅÒÈÞ È.Ë.ÈÒ"]
[Site "MOSCOW, Russia"]
[Date "2011.08.23"]
[Round "6"]
[White "Andreev, Petr"]
[Black "Bezhenar, Georgy"]
[Result "0-1"]
[WhiteElo "2036"]
[BlackElo "1924"]
[PlyCount "72"]
[EventDate "2011.??.??"]

1. e4 e6 2. d4 d5 3. Nd2 Nf6 4. Ngf3 c5 5. g3 Nc6 6. Bg2 g6 7. O-O Bg7 8. Re1
O-O 9. Qe2 a5 10. Nf1 b6 11. e5 Nd7 12. Bf4 f6 13. exf6 Nxf6 14. Ne5 Nxd4 15.
Qd2 Nh5 16. Bg5 Qc7 17. f4 Nc6 18. g4 Nf6 19. Nxc6 Qxc6 20. Ne3 Bb7 21. f5 gxf5
22. gxf5 Qd6 23. fxe6 Qxe6 24. Bxf6 Qxf6 25. c3 Bh6 26. Qe2 Qg5 27. Ng4 Bg7 28.
Qe6+ Kh8 29. Ne5 d4 30. Nc6 dxc3 31. bxc3 Rf6 32. Qe5 Rf1+ 33. Kxf1 Rf8+ 34.
Kg1 Bxe5 35. Rxe5 Qg6 36. c4 Bxc6 0-1

[Event "ÎÏÅÍ-ÒÓÐÍÈÐ ÏÎÑÂßÙÅÍÍÛÉ 100-ËÅÒÈÞ È.Ë.ÈÒ"]
[Site "MOSCOW, Russia"]
[Date "2011.08.23"]
[Round "6"]
[White "Bobrovnitsky, Petr"]
[Black "Sorokin, Adones"]
[Result "0-1"]
[WhiteElo "1845"]
[BlackElo "1926"]
[PlyCount "80"]
[EventDate "2011.??.??"]

1. Nf3 f5 2. c4 Nf6 3. Nc3 g6 4. d4 Bg7 5. Bf4 c6 6. e3 O-O 7. Bd3 Na6 8. O-O
Nb4 9. Bb1 d5 10. a3 Na6 11. cxd5 cxd5 12. Qb3 e6 13. Rc1 Nh5 14. Be5 Bxe5 15.
Nxe5 f4 16. Ne2 Nb8 17. exf4 Nxf4 18. Nxf4 Rxf4 19. Qg3 Rf6 20. h4 Nd7 21. h5
Nxe5 22. dxe5 Rf7 23. hxg6 Rg7 24. gxh7+ Kh8 25. Qf4 Bd7 26. Rc3 Bc6 27. Rg3
Qe7 28. Rxg7 Qxg7 29. Bd3 Rf8 30. Qg3 Qh6 31. Qe3 Qg7 32. Rc1 Rf7 33. Qg3 Qf8
34. Rc3 Rg7 35. Qh4 d4 36. Qxd4 Bxg2 37. Kh2 Bd5 38. Bc2 Rg2+ 39. Kh3 Qh6+ 40.
Qh4 Rh2+ 0-1

[Event "ÎÏÅÍ-ÒÓÐÍÈÐ ÏÎÑÂßÙÅÍÍÛÉ 100-ËÅÒÈÞ È.Ë.ÈÒ"]
[Site "MOSCOW, Russia"]
[Date "2011.08.23"]
[Round "6"]
[White "Leite, Ernst"]
[Black "Temirbieva, Liana"]
[Result "1-0"]
[WhiteElo "1954"]
[BlackElo "1764"]
[PlyCount "65"]
[EventDate "2011.??.??"]

1. d4 d5 2. Nf3 Nf6 3. c4 e6 4. Nc3 Be7 5. Bg5 O-O 6. e3 Nbd7 7. Rc1 a6 8. c5
c6 9. Bd3 e5 10. dxe5 Ne8 11. Bf4 Nxc5 12. Bb1 a5 13. a4 Na6 14. O-O Nb4 15.
Nd4 Nc7 16. Bg3 Re8 17. f4 g6 18. f5 Bf8 19. e6 fxe6 20. fxg6 h6 21. Be5 Nca6
22. g7 Bxg7 23. Bxg7 Kxg7 24. Qh5 Re7 25. Qg6+ Kh8 26. Qxh6+ Kg8 27. Rf6 Rg7
28. Rcf1 Bd7 29. Bg6 Qe7 30. Bf7+ Rxf7 31. Rxf7 Qxf7 32. Rxf7 Kxf7 33. Qh7+ 1-0

[Event "ÎÏÅÍ-ÒÓÐÍÈÐ ÏÎÑÂßÙÅÍÍÛÉ 100-ËÅÒÈÞ È.Ë.ÈÒ"]
[Site "MOSCOW, Russia"]
[Date "2011.08.26"]
[Round "7"]
[White "Gromadin, Gleb"]
[Black "Bogumil, Pavel"]
[Result "1/2-1/2"]
[WhiteElo "2113"]
[BlackElo "2270"]
[PlyCount "58"]
[EventDate "2011.??.??"]

1. c4 e6 2. Nf3 d5 3. g3 c6 4. Bg2 Nf6 5. O-O Nbd7 6. d3 Be7 7. Nc3 O-O 8. b3
e5 9. cxd5 cxd5 10. Bb2 a6 11. Qd2 Bd6 12. Nh4 Nb6 13. e4 dxe4 14. Nxe4 Nxe4
15. dxe4 Bc7 16. Qc3 Be6 17. Ba3 Re8 18. Rfd1 Nd7 19. Nf5 Bxf5 20. exf5 Bb6 21.
Rac1 Bd4 22. Qc7 Nf6 23. Qxb7 Rb8 24. Qxa6 Ng4 25. Qe2 Qg5 26. h3 Nxf2 27. Rxd4
Nxh3+ 28. Bxh3 exd4 29. Qb2 Ra8 1/2-1/2

[Event "ÎÏÅÍ-ÒÓÐÍÈÐ ÏÎÑÂßÙÅÍÍÛÉ 100-ËÅÒÈÞ È.Ë.ÈÒ"]
[Site "MOSCOW, Russia"]
[Date "2011.08.26"]
[Round "7"]
[White "Kovtunenko, Alexandr"]
[Black "Spichkin, Alexander"]
[Result "1/2-1/2"]
[WhiteElo "2156"]
[BlackElo "2216"]
[PlyCount "79"]
[EventDate "2011.??.??"]

1. c4 e6 2. Nf3 f5 3. g3 Nf6 4. Bg2 Be7 5. O-O O-O 6. Nc3 c6 7. d3 d6 8. Re1 e5
9. b4 Qe8 10. Qb3 Kh8 11. a4 Qh5 12. e3 Na6 13. Ba3 Nc7 14. a5 Bd7 15. b5 c5
16. b6 axb6 17. axb6 Ne6 18. Nd5 Nxd5 19. cxd5 e4 20. dxe6 Ba4 21. Qc4 exf3 22.
Bf1 Bc6 23. Bb2 Rxa1 24. Rxa1 Qg6 25. Ra7 Re8 26. Bh3 Bf6 27. Ba3 Qh5 28. Bf1
Qg4 29. d4 cxd4 30. Qxc6 bxc6 31. b7 dxe3 32. Ra8 Bd8 33. h3 Qd4 34. b8=Q e2
35. Bxe2 fxe2 36. Bb4 Qd1+ 37. Kh2 e1=Q 38. Bxe1 Qxe1 39. Qxd8 Qxf2+ 40. Kh1
1/2-1/2

[Event "ÎÏÅÍ-ÒÓÐÍÈÐ ÏÎÑÂßÙÅÍÍÛÉ 100-ËÅÒÈÞ È.Ë.ÈÒ"]
[Site "MOSCOW, Russia"]
[Date "2011.08.26"]
[Round "7"]
[White "Losev, Dmitry"]
[Black "Vul, Arkadi Eremeevich"]
[Result "1-0"]
[WhiteElo "2317"]
[BlackElo "2336"]
[PlyCount "66"]
[EventDate "2011.??.??"]

1. e4 e5 2. Nf3 Nc6 3. Bc4 Bc5 4. c3 Nf6 5. d4 exd4 6. O-O Nxe4 7. cxd4 d5 8.
dxc5 dxc4 9. Qe2 Qd3 10. Re1 f5 11. Nbd2 O-O 12. Nxe4 fxe4 13. Qxe4 Bf5 14. Qh4
Rae8 15. Bf4 Be4 16. Red1 Qc2 17. Rd2 Qa4 18. Bxc7 Bxf3 19. gxf3 Ne5 20. Bxe5
Rxe5 21. Rd8 Rxd8 22. Qxd8+ Qe8 23. Qd4 Qg6+ 24. Kh1 Qe6 25. Rc1 Re1+ 26. Rxe1
Qxe1+ 27. Kg2 Qe6 28. Qe4 Qf7 29. a4 a5 30. h4 g6 31. f4 Kg7 32. Kf3 Kh6 33.
Kg3 Kh5 1-0

[Event "ÎÏÅÍ-ÒÓÐÍÈÐ ÏÎÑÂßÙÅÍÍÛÉ 100-ËÅÒÈÞ È.Ë.ÈÒ"]
[Site "MOSCOW, Russia"]
[Date "2011.08.26"]
[Round "7"]
[White "Ljamin, Vladimir"]
[Black "Kondratiev, Vissarion L"]
[Result "1/2-1/2"]
[WhiteElo "2111"]
[BlackElo "2173"]
[PlyCount "70"]
[EventDate "2011.??.??"]

1. Nf3 c5 2. c4 Nf6 3. Nc3 Nc6 4. d4 d5 5. cxd5 Nxd5 6. e4 Nxc3 7. bxc3 cxd4 8.
cxd4 e6 9. Be2 Bb4+ 10. Bd2 Bxd2+ 11. Qxd2 O-O 12. O-O Qd6 13. Rfd1 h6 14. Rac1
Rd8 15. Qb2 Qb4 16. Qxb4 Nxb4 17. a3 Nc6 18. d5 exd5 19. exd5 Ne7 20. d6 Nf5
21. Rd2 Rxd6 22. Rxd6 Nxd6 23. Rd1 Ne4 24. Rd8+ Kh7 25. Bd3 f5 26. Ne5 g6 27.
g4 Nc5 28. gxf5 Nxd3 29. fxg6+ Kg7 30. Rxd3 Bf5 31. Rb3 Kf6 32. f4 Bxg6 33.
Nxg6 Kxg6 34. Rxb7 Kf5 35. Rb4 Rc8 1/2-1/2

[Event "ÎÏÅÍ-ÒÓÐÍÈÐ ÏÎÑÂßÙÅÍÍÛÉ 100-ËÅÒÈÞ È.Ë.ÈÒ"]
[Site "MOSCOW, Russia"]
[Date "2011.08.23"]
[Round "7"]
[White "Shirman, Mikhail"]
[Black "Martynov, Vladimir"]
[Result "0-1"]
[WhiteElo "1965"]
[BlackElo "2125"]
[PlyCount "76"]
[EventDate "2011.??.??"]

1. c4 g6 2. d4 Bg7 3. Nc3 f5 4. e4 fxe4 5. Nxe4 Nf6 6. Nxf6+ exf6 7. Nf3 O-O 8.
Be2 d5 9. O-O c6 10. Bf4 Be6 11. c5 g5 12. Bd6 Rf7 13. h3 Bf8 14. Bg3 a5 15.
Re1 Rg7 16. Bd3 Bd7 17. Nh2 Na6 18. Ng4 Rf7 19. Rc1 Nc7 20. Bd6 Bg7 21. Qc2 Bf8
22. Bxh7+ Kh8 23. Bg6 Re7 24. Bxe7 Bxe7 25. Bf5 Be8 26. Qe2 Bf8 27. Be6 Bg6 28.
Nh2 Qe7 29. Bg4 Qh7 30. Qd2 Bh6 31. Qd1 Be4 32. f3 Bg6 33. Be6 Re8 34. Ng4 Rxe6
35. Nxf6 Qe7 36. Ng4 Bg7 37. Ne5 Bxe5 38. dxe5 d4 0-1

[Event "ÎÏÅÍ-ÒÓÐÍÈÐ ÏÎÑÂßÙÅÍÍÛÉ 100-ËÅÒÈÞ È.Ë.ÈÒ"]
[Site "MOSCOW, Russia"]
[Date "2011.08.26"]
[Round "7"]
[White "Sarana, Alexey"]
[Black "Pokhlebin, Sergej"]
[Result "0-1"]
[WhiteElo "1921"]
[BlackElo "2104"]
[PlyCount "52"]
[EventDate "2011.??.??"]

1. e4 e5 2. Nf3 Nc6 3. Bb5 a6 4. Ba4 Nf6 5. O-O Be7 6. Re1 b5 7. Bb3 O-O 8. c3
d5 9. exd5 Nxd5 10. Nxe5 Nxe5 11. Rxe5 Nf6 12. d4 Bd6 13. Re1 Ng4 14. g3 Nxh2
15. Bd5 Bxg3 16. fxg3 Qxd5 17. Kxh2 Bb7 18. Rg1 Rae8 19. g4 Qd6+ 20. Rg3 Qf6
21. Kh3 g5 22. Bxg5 Qxg5 23. Qd2 Qf6 24. c4 Re2 25. Qc1 Rh2+ 26. Kxh2 Qh4+ 0-1

[Event "ÎÏÅÍ-ÒÓÐÍÈÐ ÏÎÑÂßÙÅÍÍÛÉ 100-ËÅÒÈÞ È.Ë.ÈÒ"]
[Site "MOSCOW, Russia"]
[Date "2011.08.26"]
[Round "7"]
[White "Grigoryeva, Olga A"]
[Black "Avakian, Armen"]
[Result "1-0"]
[WhiteElo "2083"]
[BlackElo "1818"]
[PlyCount "75"]
[EventDate "2011.??.??"]

1. c4 c6 2. e4 d5 3. exd5 cxd5 4. cxd5 Qxd5 5. Nc3 Qd8 6. d4 Nf6 7. Nf3 Bg4 8.
Bb5+ Nbd7 9. d5 a6 10. Ba4 b5 11. Bb3 Ne5 12. Bf4 Nxf3+ 13. gxf3 Bf5 14. Ne2
Qa5+ 15. Qd2 Qxd2+ 16. Bxd2 g6 17. Nd4 Bd3 18. a4 Rc8 19. axb5 Bxb5 20. Nxb5
axb5 21. O-O Bg7 22. Rfe1 Nd7 23. d6 Ne5 24. Kg2 Nc6 25. dxe7 Bxb2 26. Ra6 Ne5
27. Rd6 Nc4 28. Bxc4 bxc4 29. Ba5 f5 30. Rd8+ Kf7 31. e8=Q+ Rxe8 32. Rexe8 Rc5
33. Bb4 Rb5 34. Rf8+ Ke6 35. Rd6+ Ke7 36. Rb6+ Rxb4 37. Rxb4 Ba3 38. Rbb8 1-0

[Event "ÎÏÅÍ-ÒÓÐÍÈÐ ÏÎÑÂßÙÅÍÍÛÉ 100-ËÅÒÈÞ È.Ë.ÈÒ"]
[Site "MOSCOW, Russia"]
[Date "2011.08.26"]
[Round "7"]
[White "Sorokin, Adones"]
[Black "Paster, Arkady M"]
[Result "0-1"]
[WhiteElo "1926"]
[BlackElo "2033"]
[PlyCount "74"]
[EventDate "2011.??.??"]

1. e4 g6 2. d4 Bg7 3. f4 d6 4. Nf3 Bg4 5. Be3 c5 6. c3 cxd4 7. Bxd4 Bxf3 8.
Qa4+ Kf8 9. gxf3 Bxd4 10. Qxd4 e5 11. fxe5 Qh4+ 12. Ke2 dxe5 13. Qxe5 Nf6 14.
Nd2 Nc6 15. Qg3 Qh6 16. Rd1 Nh5 17. Qf2 Rd8 18. Nc4 Kg7 19. Ke1 Nf4 20. Nd6 Ne5
21. h4 Rxd6 22. Rxd6 Nfd3+ 23. Bxd3 Qc1+ 24. Ke2 Qxh1 25. Qg3 Re8 26. Rd5 f6
27. Bb5 Re7 28. Rd2 Nxf3 29. Rd7 Rxd7 30. Bxd7 Nxh4 31. Qe3 Qg2+ 32. Kd3 Nf3
33. Bc8 Ne5+ 34. Kd4 Qxb2 35. Kd5 Qxa2+ 36. Kc5 Qa5+ 37. Kd4 Qb6+ 0-1

[Event "ÎÏÅÍ-ÒÓÐÍÈÐ ÏÎÑÂßÙÅÍÍÛÉ 100-ËÅÒÈÞ È.Ë.ÈÒ"]
[Site "MOSCOW, Russia"]
[Date "2011.08.26"]
[Round "7"]
[White "Cherviakov, Valery"]
[Black "Trofimovsky, Alexander"]
[Result "0-1"]
[WhiteElo "1998"]
[BlackElo "2131"]
[PlyCount "76"]
[EventDate "2011.??.??"]

1. c4 c5 2. Nc3 Nc6 3. Nf3 g6 4. d4 cxd4 5. Nxd4 Bg7 6. e3 Nf6 7. Be2 O-O 8.
O-O Nxd4 9. Qxd4 d6 10. Qd2 Be6 11. f3 Qc7 12. Nd5 Bxd5 13. cxd5 Qc5 14. Rd1
Rac8 15. Kf1 Rc7 16. e4 Rfc8 17. Qd3 Nd7 18. f4 Qb4 19. a3 Qa4 20. b3 Nc5 21.
bxa4 Nxd3 22. Be3 Bxa1 23. Rxa1 Nc5 24. e5 Nxa4 25. Bg4 Ra8 26. h4 dxe5 27.
fxe5 Rd8 28. d6 exd6 29. Bg5 Rcd7 30. e6 fxe6 31. Bxe6+ Kg7 32. Bxd7 Rxd7 33.
Ke2 Nc5 34. Ke3 Ne6 35. Rc1 d5 36. Kd3 d4 37. Rc8 b6 38. Ke4 Nxg5+ 0-1

[Event "ÎÏÅÍ-ÒÓÐÍÈÐ ÏÎÑÂßÙÅÍÍÛÉ 100-ËÅÒÈÞ È.Ë.ÈÒ"]
[Site "MOSCOW, Russia"]
[Date "2011.08.26"]
[Round "7"]
[White "Guseinov, Djelal"]
[Black "Bezhenar, Georgy"]
[Result "1-0"]
[WhiteElo "2060"]
[BlackElo "1924"]
[PlyCount "39"]
[EventDate "2011.??.??"]

1. d4 Nc6 2. Nf3 d5 3. Bf4 Nf6 4. e3 Bg4 5. Nbd2 Nh5 6. Bg3 Nxg3 7. hxg3 e5 8.
dxe5 Nxe5 9. Be2 Nxf3+ 10. Nxf3 Bxf3 11. Bxf3 c6 12. Qd3 h6 13. O-O-O Be7 14.
e4 dxe4 15. Qxe4 Qa5 16. Rhe1 Qg5+ 17. Kb1 Qf6 18. Qb4 Rb8 19. Bxc6+ Kf8 20.
Qxb7 1-0

[Event "ÎÏÅÍ-ÒÓÐÍÈÐ ÏÎÑÂßÙÅÍÍÛÉ 100-ËÅÒÈÞ È.Ë.ÈÒ"]
[Site "MOSCOW, Russia"]
[Date "2011.08.26"]
[Round "7"]
[White "Bocharnikov, Oleg"]
[Black "Seleznev, Yury"]
[Result "0-1"]
[WhiteElo "1877"]
[BlackElo "2048"]
[PlyCount "62"]
[EventDate "2011.??.??"]

1. Nf3 c5 2. e4 Nc6 3. d4 cxd4 4. Nxd4 g6 5. c4 Bg7 6. Be3 a6 7. Nc3 d6 8. Be2
Nf6 9. f3 Nd7 10. O-O O-O 11. Rc1 Qb6 12. Na4 Qa5 13. Nxc6 bxc6 14. a3 c5 15.
Nc3 Rb8 16. Nd5 Re8 17. Bd2 Qd8 18. Qa4 e6 19. Ba5 Qh4 20. g3 Qh6 21. Nf4 Rxb2
22. Rc2 Bd4+ 23. Kh1 Rxc2 24. Qxc2 Nf6 25. Bd2 g5 26. Nd3 Nh5 27. Be1 f5 28.
Qa4 Nf6 29. f4 g4 30. e5 Bb7+ 31. Bf3 Bxf3+ 0-1

[Event "ÎÏÅÍ-ÒÓÐÍÈÐ ÏÎÑÂßÙÅÍÍÛÉ 100-ËÅÒÈÞ È.Ë.ÈÒ"]
[Site "MOSCOW, Russia"]
[Date "2011.08.26"]
[Round "7"]
[White "Bobrovnitsky, Petr"]
[Black "Leite, Ernst"]
[Result "1-0"]
[WhiteElo "1845"]
[BlackElo "1954"]
[PlyCount "61"]
[EventDate "2011.??.??"]

1. Nf3 Nf6 2. c4 e6 3. d4 d5 4. Nc3 Nbd7 5. cxd5 exd5 6. Bg5 Bb4 7. e3 c5 8.
Bd3 Qa5 9. Qc2 c4 10. Bf5 O-O 11. O-O Re8 12. Ne2 g6 13. Bxd7 Nxd7 14. h4 Nf8
15. Ng3 Bd6 16. Ne5 Bxe5 17. dxe5 Rxe5 18. b3 Bf5 19. Nxf5 Rxf5 20. f4 d4 21.
exd4 cxb3 22. Qxb3 Rb5 23. Qe3 Ne6 24. Bf6 Ng7 25. g4 Re8 26. Be5 f6 27. a4 Rd5
28. Qf3 fxe5 29. fxe5 Rd7 30. Qf7+ Kh8 31. Qf8+ 1-0

[Event "ÎÏÅÍ-ÒÓÐÍÈÐ ÏÎÑÂßÙÅÍÍÛÉ 100-ËÅÒÈÞ È.Ë.ÈÒ"]
[Site "MOSCOW, Russia"]
[Date "2011.08.26"]
[Round "7"]
[White "Raondi, Yan-Martin"]
[Black "Andreev, Petr"]
[Result "0-1"]
[WhiteElo "1725"]
[BlackElo "2036"]
[PlyCount "106"]
[EventDate "2011.??.??"]

1. Nf3 g6 2. d4 Bg7 3. Bf4 d6 4. Nbd2 Nd7 5. e4 e5 6. dxe5 dxe5 7. Be3 Ngf6 8.
Bc4 O-O 9. O-O Qe7 10. c3 Nc5 11. Qc2 Bg4 12. b4 Ncd7 13. Rfe1 Be6 14. Bxe6
Qxe6 15. Ng5 Qe7 16. f3 h6 17. Nh3 c5 18. a3 Rac8 19. Rab1 cxb4 20. axb4 b6 21.
Nf2 Nb8 22. Qb3 Rc7 23. Rbc1 Rfc8 24. Red1 Nc6 25. Nb1 Ne8 26. Nd3 Kh7 27. Qa2
f5 28. Qd2 fxe4 29. fxe4 Nd6 30. Nf2 Nc4 31. Qe2 Nxe3 32. Qxe3 h5 33. Qe1 Bh6
34. Nd2 Qg5 35. Ra1 Qe7 36. Nf3 Nd8 37. Rd3 Ne6 38. g3 Qf6 39. Kg2 Rf7 40. Qe2
Rcf8 41. Rf1 g5 42. Rd5 Qxf3+ 43. Qxf3 Rxf3 44. Rxe5 R8f6 45. Rxe6 Rxf2+ 46.
Rxf2 Rxe6 47. Rf7+ Bg7 48. Rxa7 Rxe4 49. Kf3 Rc4 50. Rb7 Rxc3+ 51. Kg2 Rc6 52.
b5 Re6 53. Kf3 Kg6 0-1

[Event "ÎÏÅÍ-ÒÓÐÍÈÐ ÏÎÑÂßÙÅÍÍÛÉ 100-ËÅÒÈÞ È.Ë.ÈÒ"]
[Site "MOSCOW, Russia"]
[Date "2011.08.28"]
[Round "8"]
[White "Yudkevich, Mikhail"]
[Black "Losev, Dmitry"]
[Result "0-1"]
[WhiteElo "2160"]
[BlackElo "2317"]
[PlyCount "50"]
[EventDate "2011.??.??"]

1. d4 Nf6 2. c4 e6 3. g3 c5 4. d5 exd5 5. cxd5 b5 6. Bg2 d6 7. e4 Nbd7 8. f4
Rb8 9. Nh3 g6 10. O-O Bg7 11. Re1 Nb6 12. Nc3 O-O 13. Nxb5 Nbxd5 14. Nxa7 Bg4
15. Nc6 Qb6 16. Qd2 Qxc6 17. exd5 Qb6 18. Nf2 Rfe8 19. Nxg4 Nxg4 20. h3 c4+ 21.
Kh1 Nf2+ 22. Kh2 Nd3 23. Re4 Rxe4 24. Bxe4 Re8 25. Bg2 Re1 0-1

[Event "ÎÏÅÍ-ÒÓÐÍÈÐ ÏÎÑÂßÙÅÍÍÛÉ 100-ËÅÒÈÞ È.Ë.ÈÒ"]
[Site "MOSCOW, Russia"]
[Date "2011.08.28"]
[Round "8"]
[White "Kozlov, Vladimir N"]
[Black "Gromadin, Gleb"]
[Result "1/2-1/2"]
[WhiteElo "2310"]
[BlackElo "2113"]
[PlyCount "44"]
[EventDate "2011.??.??"]

1. d4 Nf6 2. c4 e6 3. Nf3 b6 4. Nc3 Bb4 5. Bg5 h6 6. Bh4 Bb7 7. e3 g5 8. Bg3
Ne4 9. Qc2 Bxc3+ 10. bxc3 Nxg3 11. hxg3 Nc6 12. Bd3 Qe7 13. a4 Na5 14. Rb1 d6
15. e4 O-O-O 16. Nd2 f5 17. O-O f4 18. Rb5 c6 19. Rbb1 h5 20. Nb3 h4 21. gxf4
gxf4 22. Nxa5 bxa5 1/2-1/2

[Event "ÎÏÅÍ-ÒÓÐÍÈÐ ÏÎÑÂßÙÅÍÍÛÉ 100-ËÅÒÈÞ È.Ë.ÈÒ"]
[Site "MOSCOW, Russia"]
[Date "2011.08.28"]
[Round "8"]
[White "Spichkin, Alexander"]
[Black "Bogumil, Pavel"]
[Result "0-1"]
[WhiteElo "2216"]
[BlackElo "2270"]
[PlyCount "131"]
[EventDate "2011.??.??"]

1. d4 Nf6 2. e3 e6 3. Nf3 b6 4. Bd3 Bb7 5. O-O Be7 6. Nbd2 c5 7. b3 O-O 8. Bb2
d6 9. c4 Nbd7 10. Qc2 Rc8 11. Rac1 cxd4 12. exd4 b5 13. Qb1 bxc4 14. bxc4 Rb8
15. Qa1 Qa5 16. Rfe1 Rfc8 17. d5 e5 18. Nb3 Qd8 19. Bf5 g6 20. Bd3 Nh5 21. g3
a5 22. Bf1 a4 23. Nbd2 f5 24. Re3 Nc5 25. Rce1 Bf6 26. Bh3 Ba6 27. g4 Nf4 28.
Bf1 fxg4 29. Nxe5 Rxb2 30. Qxb2 dxe5 31. Ne4 Nxe4 32. Rxe4 Qd6 33. a3 Nh3+ 34.
Kh1 Ng5 35. Rxg4 e4 36. Qb4 Qxb4 37. axb4 Bxc4 38. Bxc4 Rxc4 39. h4 Nf3 40.
Rgxe4 Rc2 41. Rf1 Nd2 42. Re2 a3 43. Rd1 a2 44. Re8+ Kg7 45. Ra8 a1=Q 46. Rdxa1
Bxa1 47. Rxa1 Rc4 48. b5 Rxh4+ 49. Kg2 Rg4+ 50. Kh3 Rb4 51. Ra7+ Kf6 52. Rxh7
Rxb5 53. Rd7 Ne4 54. f3 Nc3 55. d6 Rd5 56. Rd8 Nb5 57. d7 Nd6 58. Rb8 Nf7 59.
Rb6+ Kf5 60. Rb7 Ke6 61. Rb6+ Rd6 62. Rb8 Rxd7 63. Kg4 Kf6 64. Rf8 Rd4+ 65. Kg3
Kg7 66. Ra8 0-1

[Event "ÎÏÅÍ-ÒÓÐÍÈÐ ÏÎÑÂßÙÅÍÍÛÉ 100-ËÅÒÈÞ È.Ë.ÈÒ"]
[Site "MOSCOW, Russia"]
[Date "2011.08.28"]
[Round "8"]
[White "Kondratiev, Vissarion L"]
[Black "Kovtunenko, Alexandr"]
[Result "0-1"]
[WhiteElo "2173"]
[BlackElo "2156"]
[PlyCount "64"]
[EventDate "2011.??.??"]

1. e4 e6 2. d4 d5 3. Nd2 c5 4. c3 Nc6 5. Ngf3 cxd4 6. cxd4 Bb4 7. Bd3 dxe4 8.
Bxe4 Nf6 9. Bxc6+ bxc6 10. O-O Ba6 11. Re1 O-O 12. a3 Be7 13. Qc2 Bb7 14. Ne4
Nxe4 15. Qxe4 Rb8 16. Qc2 Qc7 17. Ng5 g6 18. h4 c5 19. dxc5 Qc6 20. Qe4 Qxc5
21. Qg4 Qf5 22. Qg3 Rbd8 23. Be3 Rd3 24. Rad1 Bd6 25. Qh3 Qd5 26. Rxd3 Qxd3 27.
h5 Rd8 28. Nxh7 Be5 29. Ng5 Qe2 30. f4 Qxe1+ 31. Kh2 Rd3 32. fxe5 Qxe3 0-1

[Event "ÎÏÅÍ-ÒÓÐÍÈÐ ÏÎÑÂßÙÅÍÍÛÉ 100-ËÅÒÈÞ È.Ë.ÈÒ"]
[Site "MOSCOW, Russia"]
[Date "2011.08.28"]
[Round "8"]
[White "Martynov, Vladimir"]
[Black "Grigoryeva, Olga A"]
[Result "1/2-1/2"]
[WhiteElo "2125"]
[BlackElo "2083"]
[PlyCount "90"]
[EventDate "2011.??.??"]

1. e4 c5 2. Nf3 Nc6 3. d4 cxd4 4. Nxd4 e5 5. Nb3 Nf6 6. Bc4 Bb4+ 7. c3 Be7 8.
O-O O-O 9. Re1 d6 10. a4 Be6 11. Bd5 Ne8 12. a5 a6 13. Be3 Kh8 14. Bb6 Qd7 15.
N1d2 f5 16. f3 f4 17. Nc4 Bh4 18. Bf2 Bxf2+ 19. Kxf2 Rd8 20. Nb6 Qe7 21. Kg1
Nf6 22. Qd3 Qf7 23. Bxe6 Qxe6 24. Nd5 Ne7 25. c4 Nexd5 26. exd5 Qc8 27. Rac1
Rfe8 28. Qd2 g5 29. Qf2 g4 30. Rc3 Qf5 31. Qc2 Qg5 32. Nd2 gxf3 33. Nxf3 Qg4
34. h3 Qh5 35. Qf2 Rg8 36. Nd2 Qg6 37. Qf3 e4 38. Rxe4 Nxe4 39. Qxe4 Qxe4 40.
Nxe4 Rg6 41. Kf2 Rdg8 42. Kf3 Rxg2 43. Nxd6 Rxb2 44. Kxf4 Rb4 45. Ke5 Rg5+
1/2-1/2

[Event "ÎÏÅÍ-ÒÓÐÍÈÐ ÏÎÑÂßÙÅÍÍÛÉ 100-ËÅÒÈÞ È.Ë.ÈÒ"]
[Site "MOSCOW, Russia"]
[Date "2011.08.28"]
[Round "8"]
[White "Pokhlebin, Sergej"]
[Black "Paster, Arkady M"]
[Result "1-0"]
[WhiteElo "2104"]
[BlackElo "2033"]
[PlyCount "52"]
[EventDate "2011.??.??"]

1. e4 g6 2. d4 Bg7 3. Nc3 c6 4. f4 d6 5. Be3 Nh6 6. Nf3 f5 7. Qd2 fxe4 8. Nxe4
Ng4 9. Bg1 d5 10. Nf2 O-O 11. Bd3 Bh6 12. g3 Qc7 13. O-O-O Rxf4 14. Nxg4 Bxg4
15. gxf4 Bxf3 16. Be3 Bxh1 17. Rxh1 Nd7 18. f5 Bxe3 19. Qxe3 Nf8 20. h4 gxf5
21. Bxf5 Kh8 22. Rg1 e6 23. Bd3 e5 24. Qg5 Ng6 25. Qf6+ Kg8 26. h5 exd4 1-0

[Event "ÎÏÅÍ-ÒÓÐÍÈÐ ÏÎÑÂßÙÅÍÍÛÉ 100-ËÅÒÈÞ È.Ë.ÈÒ"]
[Site "MOSCOW, Russia"]
[Date "2011.08.28"]
[Round "8"]
[White "Einor, Pavel"]
[Black "Guseinov, Djelal"]
[Result "1/2-1/2"]
[WhiteElo "2088"]
[BlackElo "2060"]
[PlyCount "101"]
[EventDate "2011.??.??"]

1. e4 e6 2. c4 d5 3. exd5 exd5 4. cxd5 Nf6 5. Nc3 Nxd5 6. Nf3 Nc6 7. Bc4 Be6 8.
Qe2 Be7 9. O-O O-O 10. d4 Bf6 11. Rd1 Re8 12. Ne4 Bg4 13. h3 Bh5 14. Bxd5 Qxd5
15. Nxf6+ gxf6 16. Be3 Rad8 17. Rac1 Qe6 18. g4 Bg6 19. Qc4 Qxc4 20. Rxc4 Be4
21. Nd2 Bd5 22. Rc2 Kg7 23. a3 Kg6 24. b4 a6 25. Rc3 h5 26. gxh5+ Kxh5 27. Nf1
Rh8 28. Kh2 Kg6 29. Bf4 Be6 30. Bxc7 Rxd4 31. Rg3+ Rg4 32. Rxg4+ Bxg4 33. Rd3
Kf5 34. Rg3 Be2 35. Ne3+ Ke6 36. Ng4 Nd4 37. Re3+ Kd7 38. Bb6 Bxg4 39. Bxd4 Rh6
40. Kg2 Be6 41. a4 Kc6 42. Rc3+ Kd5 43. Ba7 Ke4 44. f3+ Kd5 45. f4 Ke4 46. Rg3
Rh4 47. Be3 Bd5 48. Kf2 Be6 49. Kg2 Rxh3 50. Rxh3 Bxh3+ 51. Kf2 1/2-1/2

[Event "ÎÏÅÍ-ÒÓÐÍÈÐ ÏÎÑÂßÙÅÍÍÛÉ 100-ËÅÒÈÞ È.Ë.ÈÒ"]
[Site "MOSCOW, Russia"]
[Date "2011.08.28"]
[Round "8"]
[White "Trofimovsky, Alexander"]
[Black "Vul, Arkadi Eremeevich"]
[Result "1/2-1/2"]
[WhiteElo "2131"]
[BlackElo "2336"]
[PlyCount "30"]
[EventDate "2011.??.??"]

1. c4 e6 2. Nf3 d5 3. b3 Nf6 4. g3 Be7 5. Bg2 O-O 6. O-O b6 7. Bb2 Bb7 8. e3
Nbd7 9. Nc3 Ne4 10. Ne2 c5 11. Nf4 Qc7 12. cxd5 exd5 13. d3 Bf6 14. Qc2 Bxb2
15. Qxb2 Nef6 1/2-1/2

[Event "ÎÏÅÍ-ÒÓÐÍÈÐ ÏÎÑÂßÙÅÍÍÛÉ 100-ËÅÒÈÞ È.Ë.ÈÒ"]
[Site "MOSCOW, Russia"]
[Date "2011.08.28"]
[Round "8"]
[White "Kashirsky, Eugeny D"]
[Black "Ljamin, Vladimir"]
[Result "1/2-1/2"]
[WhiteElo "1960"]
[BlackElo "2111"]
[PlyCount "120"]
[EventDate "2011.??.??"]

1. e4 e5 2. Nf3 Nc6 3. d4 exd4 4. Nxd4 Bc5 5. Be3 Qf6 6. c3 Nge7 7. Qd2 Qg6 8.
Nb5 Bxe3 9. Qxe3 Kd8 10. Nd2 a6 11. Nd4 Nxd4 12. cxd4 Re8 13. a3 b6 14. f3 Nf5
15. Qc3 Qf6 16. Rc1 Ra7 17. e5 Qh4+ 18. g3 Qxd4 19. f4 d6 20. Nf3 Qxc3+ 21.
Rxc3 Bb7 22. Kf2 dxe5 23. fxe5 Bxf3 24. Rd3+ Kc8 25. Rxf3 Rxe5 26. Bh3 g6 27.
Bxf5+ gxf5 28. Rf1 Kd7 29. g4 Ke6 30. Kg3 c5 31. gxf5+ Kf6 32. Rd1 Ke7 33. f6+
Ke6 34. Rd8 Rf5 35. Rh8 Rxf3+ 36. Kxf3 Kxf6 37. Rxh7 Ke5 38. Ke3 Rd7 39. Rh5+
f5 40. Rh8 f4+ 41. Ke2 f3+ 42. Kxf3 Rd3+ 43. Ke2 Rb3 44. Rh6 Rxb2+ 45. Kd3 Kd5
46. Kc3 Rb1 47. h4 a5 48. Kc2 Rh1 49. Rxb6 Kc4 50. a4 Rh2+ 51. Kb1 Kc3 52. Rb5
c4 53. h5 Rh1+ 54. Ka2 Kc2 55. Rxa5 c3 56. Rd5 Kc1 57. a5 c2 58. a6 Rh4 59. Rg5
Ra4+ 60. Kb3 Rxa6 1/2-1/2

[Event "ÎÏÅÍ-ÒÓÐÍÈÐ ÏÎÑÂßÙÅÍÍÛÉ 100-ËÅÒÈÞ È.Ë.ÈÒ"]
[Site "MOSCOW, Russia"]
[Date "2011.08.28"]
[Round "8"]
[White "Avakian, Armen"]
[Black "Shirman, Mikhail"]
[Result "1/2-1/2"]
[WhiteElo "1818"]
[BlackElo "1965"]
[PlyCount "70"]
[EventDate "2011.??.??"]

1. e4 c5 2. Nf3 d6 3. d4 cxd4 4. Nxd4 Nf6 5. Nc3 g6 6. Be3 Nc6 7. f3 Bg7 8. Qd2
O-O 9. g4 Bd7 10. O-O-O Rc8 11. h4 Ne5 12. h5 gxh5 13. g5 Ne8 14. Rxh5 Nxf3 15.
Nxf3 Bg4 16. Rh3 Bxh3 17. Bxh3 Rc4 18. Bf5 Qa5 19. Bxh7+ Kxh7 20. Qh2+ Kg8 21.
Rh1 f5 22. g6 Nf6 23. Nd5 Rxe4 24. Nxf6+ Rxf6 25. Qh7+ Kf8 26. Bh6 Bxh6+ 27.
Qxh6+ Ke8 28. Qh8+ Kd7 29. g7 Rfe6 30. c3 Qxa2 31. g8=Q Qa1+ 32. Kc2 Qa4+ 33.
Kb1 Re1+ 34. Rxe1 Rxe1+ 35. Nxe1 Qd1+ 1/2-1/2

[Event "ÎÏÅÍ-ÒÓÐÍÈÐ ÏÎÑÂßÙÅÍÍÛÉ 100-ËÅÒÈÞ È.Ë.ÈÒ"]
[Site "MOSCOW, Russia"]
[Date "2011.08.28"]
[Round "8"]
[White "Krylov, Sergey V"]
[Black "Sarana, Alexey"]
[Result "0-1"]
[WhiteElo "1553"]
[BlackElo "1921"]
[PlyCount "54"]
[EventDate "2011.??.??"]

1. Nf3 Nf6 2. g3 g6 3. Bg2 Bg7 4. O-O O-O 5. c4 d6 6. Nc3 e5 7. d3 Nfd7 8. Rb1
f5 9. Bd2 a5 10. a3 f4 11. b4 g5 12. Ne1 Nf6 13. Nd5 c6 14. Nxf6+ Rxf6 15. bxa5
g4 16. Bc3 Rh6 17. d4 Qe8 18. Be4 exd4 19. Bxh7+ Rxh7 20. Bxd4 Qh5 21. h4 gxh3
22. Kh2 Rxa5 23. Bb6 Rxa3 24. Qxd6 fxg3+ 25. fxg3 Nd7 26. Qe6+ Kh8 27. Rf5 Nxb6
0-1

[Event "ÎÏÅÍ-ÒÓÐÍÈÐ ÏÎÑÂßÙÅÍÍÛÉ 100-ËÅÒÈÞ È.Ë.ÈÒ"]
[Site "MOSCOW, Russia"]
[Date "2011.08.28"]
[Round "8"]
[White "Bezhenar, Georgy"]
[Black "Sorokin, Adones"]
[Result "1-0"]
[WhiteElo "1924"]
[BlackElo "1926"]
[PlyCount "93"]
[EventDate "2011.??.??"]

1. d4 f5 2. c4 Nf6 3. Nc3 g6 4. Nf3 Bg7 5. g3 b6 6. Bg2 Bb7 7. O-O O-O 8. d5
Na6 9. Qc2 Nb4 10. Qb3 c5 11. a3 Na6 12. Rd1 Nc7 13. Bf4 Nce8 14. Ne5 Nd6 15.
Nb5 Nfe4 16. Bxe4 fxe4 17. Nxd6 exd6 18. Ng4 h5 19. Ne3 Qf6 20. Nc2 Qxb2 21.
Qxb2 Bxb2 22. Bxd6 Rf7 23. Rab1 Bf6 24. a4 Ba6 25. Na3 Bc3 26. Bf4 Bb4 27. Nb5
Bxb5 28. axb5 a5 29. bxa6 Rxa6 30. Ra1 Rxa1 31. Rxa1 Rf8 32. Ra7 Rf7 33. h4 Ba5
34. Be5 Be1 35. Kf1 Bd2 36. e3 Rf5 37. Bf4 Rf7 38. Rb7 Ba5 39. Bc7 d6 40. Rb8+
Rf8 41. Rxf8+ Kxf8 42. Bxd6+ Ke8 43. Ke2 Kd7 44. Bf4 Kc8 45. f3 exf3+ 46. Kxf3
Kb7 47. Ke4 1-0